Statistics for Mystery Movie Monologue #11

Click here to take the quiz!

General Stats

  • This quiz has been taken 127 times
  • The average score is 80 of 159

Answer Stats

Answer% Correct
a
99%
I
99%
I'm
99%
I've
99%
the
92%
you
89%
you!
89%
you'll
89%
you're
89%
You're
89%
And
79%
and
79%
be
78%
to
73%
what
73%
do,
72%
don't
72%
no
72%
in
68%
We
68%
we
68%
we'd
68%
We'll
68%
it.
66%
it
66%
it-
66%
that.
64%
that
64%
for
60%
know
60%
of
60%
of.
60%
Where
60%
see
59%
Not
58%
not
58%
have
56%
If
56%
can
55%
can't
55%
this
54%
will.
51%
But
49%
but
49%
your
49%
at
46%
us?
46%
us,
46%
would
46%
him,
45%
him
45%
got
44%
with
44%
Some
42%
going
41%
going.
41%
never
41%
about
40%
his
40%
now.
39%
day
36%
said
35%
thing
35%
didn't
34%
doesn't
34%
life.
34%
too.
33%
understand
33%
Here's
31%
any
29%
leave
29%
good
27%
job
27%
rest
27%
always
26%
back
25%
being
25%
follow-
25%
last
24%
part
24%
take
24%
three
24%
came
22%
soon,
22%
both
21%
people
21%
today.
21%
work,
21%
world.
21%
Maybe
20%
night.
20%
tomorrow,
20%
Inside
19%
much
19%
crazy
18%
keeps
18%
kid.
18%
little
18%
looking
18%
lost
18%
Paris.
18%
plane
18%
regret
18%
until
18%
amount
16%
beans
16%
belong
16%
Casablanca.
16%
ground
16%
hill
16%
Ilsa,
16%
leaves
16%
noble...
16%
problems
16%
Victor.
16%

Score Distribution

Percentile by Number Answered

Percent of People with Each Score

Your Score History

You have not taken this quiz